[Event "27. Schweinfurt Open"]
[Site "Schweinfurt"]
[Date "2017.06.16"]
[Round "3.26"]
[White "Roth, Claudia"]
[Black "Bardorz, Stefan"]
[Result "0-1"]
[WhiteElo "1063"]
[BlackElo "1426"]
[PlyCount "66"]
[EventDate "2017.??.??"]
[WhiteTeam "Spvgg Stetten"]
[BlackTeam "TSV Rottendorf"]

1. e4 e5 2. Nf3 Nc6 3. Bc4 Nf6 4. c3 Nxe4 5. d4 exd4 6. O-O Be7 7. Bxf7+ Kxf7
8. Ne5+ Nxe5 9. Qh5+ Ng6 10. Qd5+ Kf8 11. Qxe4 dxc3 12. Nxc3 d6 13. f4 Rb8 14.
b3 Bf6 15. Bd2 b5 16. Rae1 Bb7 17. Nd5 Ne7 18. Nxf6 Bxe4 19. Nxe4 h6 20. f5 Nd5
21. Bc1 Kf7 22. Bb2 Nb4 23. Re3 Re8 24. a3 Nd5 25. Rd3 Rxe4 26. Rxd5 Re2 27.
Bd4 c6 28. Bxa7 cxd5 29. Bxb8 Qg5 30. g3 Qd2 31. Ba7 Rg2+ 32. Kh1 Rxh2+ 33. Kg1
Qg2# 0-1

[Event "27. Schweinfurt Open"]
[Site "Schweinfurt"]
[Date "2017.06.16"]
[Round "3.27"]
[White "Roth, Ludwig"]
[Black "Lukas, Cornelia"]
[Result "1-0"]
[WhiteElo "1425"]
[BlackElo "779"]
[PlyCount "43"]
[EventDate "2017.??.??"]
[WhiteTeam "Spvgg Stetten"]
[BlackTeam "SK Schweinfurt"]

1. e4 e5 2. Nf3 Nf6 3. Nxe5 Nc6 4. Nxc6 bxc6 5. Nc3 d5 6. e5 Ne4 7. Nxe4 dxe4
8. d4 Bf5 9. Bc4 Bg6 10. O-O c5 11. Bb5+ Ke7 12. f4 Qxd4+ 13. Qxd4 cxd4 14. f5
Bh5 15. Rf4 e3 16. g4 Rb8 17. a4 c6 18. Bxc6 e2 19. Re4 Bxg4 20. Bg5+ f6 21.
exf6+ Kf7 22. Bd5# 1-0

[Event "27. Schweinfurt Open"]
[Site "Schweinfurt"]
[Date "2017.06.16"]
[Round "3.28"]
[White "Cinar, Orhan"]
[Black "Brätz, Yannick"]
[Result "0-1"]
[WhiteElo "700"]
[BlackElo "1372"]
[PlyCount "24"]
[EventDate "2017.??.??"]
[WhiteTeam "(vls) Schweinfurt"]
[BlackTeam "SK Schweinfurt"]

1. e3 e5 2. Nf3 Nc6 3. Bc4 d5 4. Bf1 Bg4 5. Be2 Bf5 6. h3 Bd6 7. Bb5 Qd7 8.
Bxc6 Qxc6 9. Nc3 Ne7 10. Nh4 Bg6 11. a3 O-O 12. Ne2 Bxc2 0-1

[Event "27. Schweinfurt Open"]
[Site "Schweinfurt"]
[Date "2017.06.17"]
[Round "4.1"]
[White "Boß, Rolf"]
[Black "Kuhn, Norbert"]
[Result "0-1"]
[WhiteElo "1969"]
[BlackElo "2059"]
[PlyCount "80"]
[EventDate "2017.??.??"]
[WhiteTeam "(vls) Bamberg"]
[BlackTeam "SV Würzburg"]

1. d4 d5 2. c4 e6 3. Nc3 c6 4. e4 dxe4 5. Nxe4 Nf6 6. Nxf6+ Qxf6 7. Nf3 Bb4+ 8.
Bd2 Bxd2+ 9. Qxd2 O-O 10. Bd3 h6 11. O-O Nd7 12. Rfe1 c5 13. dxc5 Nxc5 14. Bc2
Rd8 15. Qa5 b6 16. Qa3 Bb7 17. b4 Bxf3 18. gxf3 Nd7 19. Qe3 Rac8 20. Bb3 Qh4
21. Rad1 Nf6 22. Kh1 Nh5 23. Rg1 g5 24. Rxd8+ Rxd8 25. c5 Nf4 26. Rg4 Qh3 27.
Rg3 Qf5 28. cxb6 axb6 29. Qxb6 Rd2 30. Qc5 e5 31. Qc4 Rxf2 32. Qe4 Qf6 33. Rg1
Nh3 34. Re1 Rxf3 35. Kg2 Rc3 36. Rf1 Nf4+ 37. Kh1 Qd6 38. b5 Rh3 39. Rd1 Qc5
40. Qf5 Rxh2+ 0-1

[Event "27. Schweinfurt Open"]
[Site "Schweinfurt"]
[Date "2017.06.17"]
[Round "4.2"]
[White "Bräutigam, Thomas"]
[Black "Helm, Timo"]
[Result "1/2-1/2"]
[WhiteElo "2070"]
[BlackElo "2015"]
[PlyCount "74"]
[EventDate "2017.??.??"]
[WhiteTeam "SV Würzburg"]
[BlackTeam "SC Bad Königshofen"]

1. d4 e6 2. c4 f5 3. Nf3 Nf6 4. g3 Bb4+ 5. Nbd2 b6 6. Bg2 Bb7 7. O-O Bxd2 8.
Bxd2 Qe7 9. b4 O-O 10. Rc1 Nc6 11. b5 Nd8 12. Qb3 Nf7 13. a4 d6 14. Bb4 a5 15.
Ba3 Ne4 16. Rfd1 Rad8 17. Ne5 Qe8 18. Nd3 Qd7 19. c5 Bd5 20. Qc2 Nf6 21. f3
Rfe8 22. Nf2 Qe7 23. e4 fxe4 24. fxe4 Bb7 25. c6 Bc8 26. e5 Nd5 27. Qb3 Qg5 28.
exd6 Nxd6 29. Bxd6 cxd6 30. Bxd5 exd5 31. Re1 Rf8 32. Nd3 Rf3 33. c7 Rdf8 34.
Qd1 Qf6 35. Nf4 Ra3 36. Rf1 Qg5 37. Qe1 Qg4 1/2-1/2

[Event "27. Schweinfurt Open"]
[Site "Schweinfurt"]
[Date "2017.06.17"]
[Round "4.3"]
[White "Seidens, Udo"]
[Black "Weise, Martin"]
[Result "0-1"]
[WhiteElo "2223"]
[BlackElo "2109"]
[PlyCount "112"]
[EventDate "2017.??.??"]
[WhiteTeam "SK Schweinfurt"]
[BlackTeam "SC Fulda"]

1. c4 e6 2. g3 Nf6 3. Bg2 d5 4. Nf3 dxc4 5. Qa4+ Nbd7 6. O-O a6 7. Qxc4 b5 8.
Qc2 Bb7 9. a4 c5 10. d3 Be7 11. Nc3 b4 12. Nd1 O-O 13. Ne3 a5 14. Nc4 Ra6 15.
e4 Qa8 16. b3 Rd8 17. Bb2 Bf8 18. Rad1 Qb8 19. Nfe5 Ne8 20. f4 Nd6 21. Nxd7
Rxd7 22. Ne5 Rd8 23. h4 f6 24. Nf3 Nf7 25. Bh3 Bc8 26. Qc4 Rad6 27. Qc2 Qb6 28.
Kh2 Ba6 29. Ne1 Bb7 30. Qf2 Bxe4 31. Qc2 Bb7 32. Rf2 Qc6 33. Ng2 Ba6 34. d4
cxd4 35. Qxc6 Rxc6 36. Rxd4 Rxd4 37. Bxd4 e5 38. fxe5 Nxe5 39. Ne3 Bd6 40. Be6+
Kh8 41. Bd5 Rc1 42. Bxe5 Bxe5 43. Nc4 Bxc4 44. Bxc4 Rc3 45. Rg2 h5 46. Bf7 Kh7
47. Bxh5 Rxb3 48. Bd1 Ra3 49. Kh3 b3 50. Rd2 b2 51. Bc2+ Kg8 52. Rd3 Rxa4 53.
Rd5 Ra1 54. Bg6 Kf8 55. Rb5 Ke7 56. Kg4 a4 0-1

[Event "27. Schweinfurt Open"]
[Site "Schweinfurt"]
[Date "2017.06.17"]
[Round "4.4"]
[White "Gehrig, Thomas"]
[Black "Ziegler, Michael"]
[Result "1/2-1/2"]
[WhiteElo "2051"]
[BlackElo "2126"]
[PlyCount "82"]
[EventDate "2017.??.??"]
[WhiteTeam "SC Maßbach"]
[BlackTeam "SC Prichsenstadt"]

1. d4 Nf6 2. c4 e6 3. Nc3 d5 4. e3 c6 5. a3 Nbd7 6. Nf3 a6 7. b4 Bd6 8. Be2 O-O
9. O-O Re8 10. Qb3 Qe7 11. Bb2 Nf8 12. Ne5 N6d7 13. f4 Kh8 14. Rae1 f6 15. Nxd7
Nxd7 16. Bf3 f5 17. c5 Bc7 18. Ne2 Nf6 19. Nc1 Bd7 20. Nd3 Rf8 21. Qd1 a5 22.
Re2 Be8 23. Rc2 Bg6 24. g3 Qe8 25. h3 axb4 26. axb4 Ra2 27. Rg2 Qa8 28. Nc1 Ra4
29. Qe1 Qe8 30. Bd1 Ra7 31. Rff2 Bd8 32. Nd3 Ne4 33. Rc2 Ra2 34. Rh2 Nf6 35.
Rcg2 Bc7 36. Nc1 Ra7 37. Bf3 Bd8 38. Qd1 Bc7 39. Nd3 Ra2 40. Nc1 Ra7 41. Ne2
Qd7 1/2-1/2

[Event "27. Schweinfurt Open"]
[Site "Schweinfurt"]
[Date "2017.06.17"]
[Round "4.5"]
[White "Helgert, Johannes"]
[Black "Maar, Samuel"]
[Result "1-0"]
[WhiteElo "2045"]
[BlackElo "2048"]
[PlyCount "81"]
[EventDate "2017.??.??"]
[WhiteTeam "SV Würzburg"]
[BlackTeam "Bad Emstal"]

1. d4 Nf6 2. c4 g6 3. Nc3 Bg7 4. e4 d6 5. Be2 O-O 6. Bg5 h6 7. Be3 e5 8. d5 c6
9. Qd2 Kh7 10. h4 Ng4 11. Bxg4 Bxg4 12. f3 Bd7 13. h5 g5 14. g4 Na6 15. Nge2
Rc8 16. O-O cxd5 17. cxd5 Nc5 18. Rfc1 Qa5 19. Rab1 Qd8 20. b4 Na6 21. Bxa7 Rc4
22. Nd1 Qc8 23. Ne3 Rxc1+ 24. Rxc1 Qa8 25. Bb6 Bf6 26. Nc4 Bd8 27. Bf2 b5 28.
Nxd6 Be7 29. Bc5 Qb8 30. Nf5 Bxc5+ 31. bxc5 Bxf5 32. gxf5 Rc8 33. c6 Qb6+ 34.
Kg2 b4 35. d6 Rd8 36. Qd5 Qe3 37. Qxf7+ Kh8 38. Qf6+ Kh7 39. Qe7+ Kg8 40. Qxd8+
Kg7 41. f6+ 1-0

[Event "27. Schweinfurt Open"]
[Site "Schweinfurt"]
[Date "2017.06.17"]
[Round "4.6"]
[White "von Zimmermann, Georg"]
[Black "Roth, Jakob"]
[Result "0-1"]
[WhiteElo "2111"]
[BlackElo "1847"]
[PlyCount "86"]
[EventDate "2017.??.??"]
[WhiteTeam "MSA Zugzwang"]
[BlackTeam "Spvgg Stetten"]

1. e4 e6 2. d4 d5 3. Nc3 Nf6 4. e5 Nfd7 5. Nf3 c5 6. dxc5 Nc6 7. Bf4 Nxc5 8. a3
Be7 9. b4 Nd7 10. Bd3 g5 11. Bg3 g4 12. b5 Qa5 13. bxc6 Qxc3+ 14. Nd2 bxc6 15.
O-O h5 16. f3 Bc5+ 17. Kh1 Nxe5 18. fxg4 hxg4 19. Nb3 Bd6 20. Rb1 c5 21. Be1
Rxh2+ 22. Kg1 Nf3+ 23. Rxf3 Qh8 24. Bb5+ Ke7 25. Re3 d4 26. Qxg4 Rh1+ 27. Kf2
dxe3+ 28. Ke2 Qh5 29. Qxh5 Rxh5 30. Na5 Kf8 31. Nc4 Bc7 32. Ba5 Bxa5 33. Bc6
Ba6 34. Bxa8 Bxc4+ 35. Kxe3 Re5+ 36. Kf4 Rf5+ 37. Ke3 Bc3 38. Rb8+ Kg7 39. Bf3
e5 40. Rb7 a6 41. Rc7 Rf4 42. a4 Bd4+ 43. Kd2 e4 0-1

[Event "27. Schweinfurt Open"]
[Site "Schweinfurt"]
[Date "2017.06.17"]
[Round "4.7"]
[White "Reinl, Fred"]
[Black "Englert, Fred"]
[Result "1-0"]
[WhiteElo "1981"]
[BlackElo "1781"]
[PlyCount "65"]
[EventDate "2017.??.??"]
[WhiteTeam "SK Schweinfurt"]
[BlackTeam "SK Klingenberg"]

1. e4 c6 2. Nf3 d5 3. Nc3 g6 4. exd5 cxd5 5. Bb5+ Bd7 6. Qe2 Nf6 7. d4 a6 8.
Bd3 Bg7 9. Bg5 Bc6 10. O-O O-O 11. Rfe1 Re8 12. Qd2 b5 13. Ne5 Qb6 14. Ne2 Bb7
15. c3 Nbd7 16. Ng3 Qc7 17. h4 Nxe5 18. dxe5 Ne4 19. Nxe4 dxe4 20. Bxe4 Bxe4
21. Rxe4 Bxe5 22. Qe2 Bd6 23. h5 e6 24. Re1 Be7 25. Bh6 Bf6 26. Qf3 Bg7 27.
Bxg7 Kxg7 28. h6+ Kf8 29. Qf6 Rad8 30. Qg7+ Ke7 31. Rxe6+ Kd7 32. Qxf7+ Kc8 33.
Qxc7+ 1-0

[Event "27. Schweinfurt Open"]
[Site "Schweinfurt"]
[Date "2017.06.17"]
[Round "4.8"]
[White "Bardorz, Christoph"]
[Black "Diller, Peter"]
[Result "1/2-1/2"]
[WhiteElo "1870"]
[BlackElo "1971"]
[PlyCount "84"]
[EventDate "2017.??.??"]
[WhiteTeam "TSV Rottendorf"]
[BlackTeam "SK Rothenburg"]

1. e4 e6 2. d4 d5 3. Nd2 c5 4. exd5 exd5 5. Bb5+ Nc6 6. Ngf3 Bd6 7. dxc5 Bxc5
8. O-O Nge7 9. Nb3 Bd6 10. Re1 O-O 11. Bg5 f6 12. Bh4 Bg4 13. Bg3 a6 14. Be2
Bh5 15. Nfd4 Bf7 16. Bg4 Bxg3 17. hxg3 Qd6 18. Be6 Ne5 19. Bxf7+ Rxf7 20. c3 f5
21. Rc1 N7c6 22. f4 Ng4 23. Re6 Qd7 24. Qe2 Nf6 25. Nc5 Nxd4 26. cxd4 Qc7 27.
Nd3 Qd7 28. Rb6 Qd8 29. Qe6 Qf8 30. Ne5 Nd7 31. Qxf7+ Qxf7 32. Nxf7 Nxb6 33.
Nd6 g6 34. Rc7 Rd8 35. Nxb7 Re8 36. Kf2 Nc4 37. Rd7 Nxb2 38. Nc5 Nd1+ 39. Kf1
Ne3+ 40. Kf2 Ng4+ 41. Kf1 Nh2+ 42. Kf2 Ng4+ 1/2-1/2

[Event "27. Schweinfurt Open"]
[Site "Schweinfurt"]
[Date "2017.06.17"]
[Round "4.9"]
[White "Wiener, Horst"]
[Black "Brux, Jürgen"]
[Result "1/2-1/2"]
[WhiteElo "1945"]
[BlackElo "1743"]
[PlyCount "60"]
[EventDate "2017.??.??"]
[WhiteTeam "SK Schweinfurt"]
[BlackTeam "DT Männerstadt"]

1. e4 c5 2. Nf3 d6 3. d4 cxd4 4. Nxd4 Nf6 5. Nc3 g6 6. Be2 Bg7 7. Be3 O-O 8.
O-O a6 9. a4 Bd7 10. Qd2 Nc6 11. Nb3 Qc7 12. a5 Rac8 13. f4 Bg4 14. Bxg4 Nxg4
15. Bb6 Qb8 16. h3 Nf6 17. Rac1 Nd7 18. Bf2 b6 19. axb6 Nxb6 20. Bxb6 Qxb6+ 21.
Kh2 Rfd8 22. Nd5 Qb7 23. Rb1 e6 24. Ne3 Ne7 25. Qd3 d5 26. exd5 Nxd5 27. Nxd5
Rxd5 28. Qe2 Rcd8 29. Rfd1 Rxd1 30. Rxd1 Rxd1 1/2-1/2

[Event "27. Schweinfurt Open"]
[Site "Schweinfurt"]
[Date "2017.06.17"]
[Round "4.10"]
[White "Heller, Thomas"]
[Black "Feichtner, Erich"]
[Result "1/2-1/2"]
[WhiteElo "1783"]
[BlackElo "1929"]
[PlyCount "33"]
[EventDate "2017.??.??"]
[WhiteTeam "SV Bergtheim"]
[BlackTeam "SK Schweinfurt"]

1. d4 Nf6 2. Nf3 e6 3. Nbd2 d5 4. e3 c5 5. dxc5 Bxc5 6. Bb5+ Bd7 7. Bxd7+ Nbxd7
8. Nb3 Bd6 9. Bd2 O-O 10. O-O Ne4 11. Qe1 Rc8 12. Rc1 Qe7 13. a3 b6 14. Qe2 f5
15. c4 Ndc5 16. Nxc5 bxc5 17. Rfd1 1/2-1/2

[Event "27. Schweinfurt Open"]
[Site "Schweinfurt"]
[Date "2017.06.17"]
[Round "4.11"]
[White "Krenz, Dieter"]
[Black "Hertkorn, Dieter"]
[Result "1-0"]
[WhiteElo "1902"]
[BlackElo "1454"]
[PlyCount "77"]
[EventDate "2017.??.??"]
[WhiteTeam "SC Prichsenstadt"]
[BlackTeam "(vls) Ulm"]

1. d4 d5 2. Nf3 Nf6 3. Bg5 Bg4 4. Nbd2 Nbd7 5. h3 Bxf3 6. Nxf3 Ne4 7. Bf4 e6 8.
e3 Bb4+ 9. c3 Bxc3+ 10. bxc3 Nxc3 11. Qc2 Ne4 12. Bd3 c6 13. Bxe4 dxe4 14. Qxe4
Qa5+ 15. Nd2 Nf6 16. Qd3 O-O-O 17. O-O Qd5 18. Qb3 Rhe8 19. Qxd5 exd5 20. Bg5
Rd6 21. Bxf6 Rxf6 22. Nf3 Rfe6 23. Rfc1 R8e7 24. Rc2 f6 25. Rac1 Kc7 26. Nd2 b6
27. a4 a5 28. Kf1 Kb7 29. Rb2 Rc7 30. Rcb1 c5 31. dxc5 Rcc6 32. Nb3 Rc7 33.
cxb6 Rc8 34. Nxa5+ Ka6 35. b7 Rb8 36. Nb3 Rc6 37. Nd4 Rd6 38. Ke2 Rd7 39. Rb6+
1-0

[Event "27. Schweinfurt Open"]
[Site "Schweinfurt"]
[Date "2017.06.17"]
[Round "4.12"]
[White "Kwossek, Martin"]
[Black "Blank, Stefan"]
[Result "0-1"]
[WhiteElo "1632"]
[BlackElo "1880"]
[PlyCount "50"]
[EventDate "2017.??.??"]
[WhiteTeam "SC Kitzingen"]
[BlackTeam "SC Sulzbach"]

1. d4 Nf6 2. Nf3 g6 3. Bf4 Bg7 4. e3 O-O 5. Be2 d6 6. h3 Nbd7 7. O-O c6 8. Nbd2
Qe8 9. Re1 Nh5 10. Bh2 f5 11. Ng5 e5 12. Bxh5 gxh5 13. c3 Qg6 14. Ngf3 e4 15.
Nh4 Qg5 16. Bg3 d5 17. Kh2 f4 18. exf4 Rxf4 19. Nhf3 exf3 20. Nxf3 Rxf3 21.
Qxf3 Nf6 22. Re7 Ng4+ 23. hxg4 Qxe7 24. gxh5 Qg5 25. Re1 Bg4 0-1

[Event "27. Schweinfurt Open"]
[Site "Schweinfurt"]
[Date "2017.06.17"]
[Round "4.13"]
[White "Hohner, Karl-Heinz"]
[Black "Golda, Harald"]
[Result "0-1"]
[WhiteElo "1799"]
[BlackElo "2277"]
[PlyCount "46"]
[EventDate "2017.??.??"]
[WhiteTeam "(vls) Stockheim Kronach"]
[BlackTeam "SK Schweinfurt"]

1. e4 c5 2. Nc3 d6 3. g3 Nf6 4. Bg2 g6 5. d3 Nc6 6. f4 Bg7 7. Nf3 O-O 8. O-O
Rb8 9. h3 b5 10. Ne2 e5 11. fxe5 dxe5 12. Be3 Qd6 13. g4 h5 14. g5 Ne8 15. c3
Nc7 16. Qc2 Ne6 17. Rad1 b4 18. Bf2 Ba6 19. Rfe1 bxc3 20. bxc3 Rfd8 21. d4 cxd4
22. cxd4 Bxe2 23. Qxe2 Nf4 0-1

[Event "27. Schweinfurt Open"]
[Site "Schweinfurt"]
[Date "2017.06.17"]
[Round "4.14"]
[White "Völker, Joachim"]
[Black "Müller, Lutz"]
[Result "0-1"]
[WhiteElo "1772"]
[BlackElo "2042"]
[PlyCount "90"]
[EventDate "2017.??.??"]
[WhiteTeam "SK Schweinfurt"]
[BlackTeam "SC Bad Königshofen"]

1. e4 g6 2. d4 Bg7 3. Nf3 d6 4. c3 Nf6 5. Bd3 Nc6 6. h3 O-O 7. O-O e5 8. d5 Nb8
9. c4 h6 10. Nc3 Nbd7 11. Be3 Qe7 12. Qc2 Nc5 13. Bxc5 dxc5 14. Ne2 Ne8 15. Ng3
Nd6 16. Nd2 h5 17. Nb3 b6 18. a4 Qh4 19. Kh2 f5 20. f3 Bh6 21. Ne2 f4 22. Qc3
Nf7 23. a5 Bg7 24. axb6 cxb6 25. Qe1 Qe7 26. Nbc1 Bf6 27. Ng1 Bh4 28. Qd2 Kg7
29. Rd1 Rh8 30. Bf1 Nd6 31. b3 g5 32. Nd3 g4 33. Qb2 Bf6 34. Ne1 a5 35. Qc2 Kf7
36. Ra2 Bd7 37. Rda1 Rag8 38. Nd3 Rg5 39. Rd1 Rhg8 40. Nc1 Kg7 41. Rb2 Kh8 42.
Na2 Qg7 43. Nc3 gxf3 44. Nxf3 Rg3 45. Ne2 Rxg2+ 0-1

[Event "27. Schweinfurt Open"]
[Site "Schweinfurt"]
[Date "2017.06.17"]
[Round "4.15"]
[White "Eichenauer, Pascal"]
[Black "Markert, Markus"]
[Result "1/2-1/2"]
[WhiteElo "1769"]
[BlackElo "1998"]
[PlyCount "135"]
[EventDate "2017.??.??"]
[WhiteTeam "SV Würzburg"]
[BlackTeam "SK Bad Neustadt"]

1. d4 d5 2. c4 e6 3. Nc3 Nf6 4. cxd5 exd5 5. Bg5 c6 6. Qc2 Be7 7. e3 Nbd7 8.
Bd3 Nf8 9. Nf3 Ng6 10. O-O Ng4 11. Bxe7 Qxe7 12. e4 dxe4 13. Bxe4 O-O 14. d5 f5
15. Bd3 N6e5 16. Nxe5 Qxe5 17. g3 Bd7 18. Rfe1 Qf6 19. Qb3 Qd4 20. Re2 Rae8 21.
Qc4 Qxc4 22. Bxc4 Kh8 23. Rae1 Nf6 24. Re7 cxd5 25. Nxd5 Ng8 26. Rxe8 Rxe8 27.
Rd1 Bc6 28. f4 g6 29. Nb4 Be4 30. Rd7 a5 31. Nd5 Bxd5 32. Bxd5 Nf6 33. Rd6 Ng4
34. h3 Ne3 35. Bb3 b5 36. a4 bxa4 37. Bxa4 Rc8 38. Rd3 Nc4 39. Rc3 Nb6 40.
Rxc8+ Nxc8 41. Kf2 Nd6 42. Bc2 Kg7 43. Ke3 Kf6 44. Kd4 h5 45. Kd5 Ke7 46. Kc5
Ke6 47. Bb3+ Ke7 48. Bd5 Kd7 49. Kb6 Ne4 50. Kxa5 Nxg3 51. Bf3 Nf1 52. Kb4 h4
53. Kc4 Kd6 54. Kd3 Kc5 55. Kc3 Ne3 56. b3 Nf1 57. b4+ Kd6 58. Kd3 Ng3 59. Kd4
Nf1 60. b5 Nd2 61. Bg2 Nb3+ 62. Kc3 Nc5 63. Kd4 Ne6+ 64. Ke3 Kc5 65. Bf1 Nc7
66. Be2 Nd5+ 67. Kf3 Nc3 68. Bd3 1/2-1/2

[Event "27. Schweinfurt Open"]
[Site "Schweinfurt"]
[Date "2017.06.17"]
[Round "4.16"]
[White "Gould, Charles"]
[Black "Langguth, Rolf"]
[Result "1-0"]
[WhiteElo "2019"]
[BlackElo "1947"]
[PlyCount "141"]
[EventDate "2017.??.??"]
[WhiteTeam "SV Würzburg"]
[BlackTeam "SK Schweinfurt"]

1. f4 d5 2. b3 Nf6 3. Nf3 e6 4. e3 Be7 5. Bb2 O-O 6. Bd3 c5 7. O-O Nc6 8. a3 a5
9. Nc3 b6 10. Qe1 Ba6 11. Qg3 Bxd3 12. cxd3 Rb8 13. Ne2 b5 14. Ne5 Nxe5 15.
fxe5 Nh5 16. Qg4 g6 17. Rf3 Ng7 18. Raf1 h5 19. Qh3 g5 20. g4 h4 21. Qg2 c4 22.
Nd4 Qc7 23. Qf2 Bc5 24. Rf6 Bxd4 25. exd4 cxb3 26. Qe3 Qe7 27. Qxg5 a4 28. Qxh4
Qd8 29. R1f3 Re8 30. Rh3 Kf8 31. Qh8+ Ke7 32. Qxg7 Rf8 33. Rhf3 Qe8 34. Qg5 Kd7
35. Qh5 Kc6 36. Qh4 Rb7 37. Qe1 Kb6 38. Bc3 Rg8 39. h3 Rg7 40. Bb4 Qc8 41. Bc5+
Ka5 42. Qc1 Rc7 43. Qc3+ Ka6 44. Kg2 Qe8 45. Qb4 Qc6 46. Rf1 Qe8 47. Kg3 Qc8
48. h4 Qg8 49. R1f4 Rg6 50. Be7 Rxf6 51. Rxf6 Qe8 52. Bc5 Rc8 53. g5 Qg8 54.
Rh6 Qe8 55. Kg4 Qd7 56. Rf6 Qe8 57. h5 Qg8 58. Rh6 Qe8 59. Rf6 Qg8 60. g6 fxg6
61. Rxg6 Qf7 62. Rf6 Rg8+ 63. Kh4 Qd7 64. Qc3 Rg1 65. Bf8 Rb1 66. Rf7 Qxf7 67.
Qc6+ Ka7 68. Bc5+ Kb8 69. Bd6+ Ka7 70. Qc5+ Ka8 71. Qc8+ 1-0

[Event "27. Schweinfurt Open"]
[Site "Schweinfurt"]
[Date "2017.06.17"]
[Round "4.17"]
[White "Brodt, Andreas"]
[Black "Korff, Udo"]
[Result "1-0"]
[WhiteElo "1839"]
[BlackElo "1664"]
[PlyCount "127"]
[EventDate "2017.??.??"]
[WhiteTeam "SK Schweinfurt"]
[BlackTeam "(vls) Pettstadt/Kirchlauter"]

1. d4 d5 2. Nf3 e6 3. g3 c5 4. Bg2 Nf6 5. O-O Nc6 6. Bg5 cxd4 7. Nxd4 Nxd4 8.
Qxd4 Be7 9. Nc3 a6 10. Rad1 O-O 11. e4 dxe4 12. Nxe4 Qxd4 13. Rxd4 Nd5 14. Bxe7
Nxe7 15. Rfd1 e5 16. Rd8 Bf5 17. Rxa8 Rxa8 18. c3 Bxe4 19. Bxe4 Nc6 20. Rd7 Rd8
21. Rxb7 Nb8 22. Bd5 Nd7 23. Ra7 h5 24. Ra8 Rxa8 25. Bxa8 Nb6 26. Bf3 g6 27. b4
Nd7 28. c4 Kf8 29. a4 Ke8 30. a5 Kd8 31. Bd5 f6 32. f4 g5 33. fxe5 fxe5 34. b5
Kc7 35. Kf2 Kd6 36. Bb7 axb5 37. cxb5 Kc5 38. a6 Kb6 39. Ke3 Nf6 40. h3 Ka7 41.
Be4 Kb6 42. Bf5 Ka7 43. Bd3 Kb6 44. Be2 Ka7 45. Kd3 Kb6 46. Kc4 h4 47. gxh4
gxh4 48. Bf1 Ne4 49. Kd5 Ng3 50. Bd3 Nh1 51. Kxe5 Nf2 52. Bf5 Nd1 53. Kd6 Ne3
54. Bd3 Nd1 55. Kd7 Nf2 56. Bf1 Ne4 57. Kc8 Nc5 58. Bc4 Ka7 59. Kc7 Na4 60. Kc6
Nb6 61. Bf1 Nc8 62. Kd7 Nb6+ 63. Kd6 Nc4+ 64. Bxc4 1-0

[Event "27. Schweinfurt Open"]
[Site "Schweinfurt"]
[Date "2017.06.17"]
[Round "4.18"]
[White "Bardorz, Stefan"]
[Black "Müller, Gerhard"]
[Result "1/2-1/2"]
[WhiteElo "1426"]
[BlackElo "1827"]
[PlyCount "120"]
[EventDate "2017.??.??"]
[WhiteTeam "TSV Rottendorf"]
[BlackTeam "SC Bad Königshofen"]

1. c4 f5 2. g3 Nf6 3. Bg2 g6 4. b3 Bg7 5. Bb2 O-O 6. Nc3 c6 7. Nf3 d6 8. O-O e5
9. d3 Re8 10. Qc2 Nbd7 11. Rad1 Nf8 12. e3 Qc7 13. b4 a6 14. a3 Bd7 15. Rfe1
Rab8 16. Rd2 Ne6 17. Kh1 Rec8 18. Qb3 Kh8 19. d4 e4 20. Ng1 b5 21. c5 d5 22.
Nce2 Bh6 23. h4 Ng4 24. Nh3 Rg8 25. Nef4 g5 26. Nxe6 Bxe6 27. hxg5 Bxg5 28. Nf4
Bxf4 29. exf4 Qg7 30. Bh3 Qh6 31. Kg2 Rb7 32. Rh1 Qg6 33. Bxg4 Qxg4 34. Kf1
Rbg7 35. Rh4 Qg6 36. Ke2 Qf7 37. Rd1 Rg4 38. Rdh1 R8g7 39. a4 Rxh4 40. Rxh4 Rg4
41. Rh1 h5 42. axb5 axb5 43. Qa3 Bd7 44. Qa8+ Rg8 45. Qa3 Be8 46. Bc3 Qg7 47.
Rh4 Qb7 48. Rh1 Bf7 49. Ra1 h4 50. Rh1 Rg4 51. Qa1 Kg7 52. Rh3 Bh5 53. Ke3 Qc7
54. Qa8 Kh7 55. Kd2 Rg8 56. Qa5 Qb7 57. Qa1 Rg4 58. Ke3 Kh6 59. Kd2 Qd7 60. Qh1
Qa7 1/2-1/2

[Event "27. Schweinfurt Open"]
[Site "Schweinfurt"]
[Date "2017.06.17"]
[Round "4.19"]
[White "Drewes, Thomas"]
[Black "Roth, Ludwig"]
[Result "1-0"]
[WhiteElo "1787"]
[BlackElo "1425"]
[PlyCount "67"]
[EventDate "2017.??.??"]
[WhiteTeam "SV Würzburg"]
[BlackTeam "Spvgg Stetten"]

1. d4 g6 2. Bf4 Bg7 3. Nc3 d6 4. Nf3 Nf6 5. h3 O-O 6. e4 Nbd7 7. Qd2 c5 8. Bh6
cxd4 9. Nxd4 Nc5 10. Bxg7 Kxg7 11. Bd3 b6 12. O-O Bb7 13. Rae1 Rc8 14. Nf3 e5
15. Re3 Re8 16. Nh2 d5 17. exd5 Nxd5 18. Nxd5 Qxd5 19. f3 Qxa2 20. Ng4 Qxb2 21.
Rxe5 Ne6 22. Qh6+ Kh8 23. Nf6 Ng5 24. Rxe8+ Rxe8 25. Nxe8 Ne6 26. Re1 Qd4+ 27.
Qe3 Qd8 28. Qe5+ Kg8 29. Nf6+ Kh8 30. Bc4 Qd4+ 31. Qxd4 Nxd4 32. Re7 Bc6 33.
Rxf7 b5 34. Rxh7# 1-0

[Event "27. Schweinfurt Open"]
[Site "Schweinfurt"]
[Date "2017.06.17"]
[Round "4.20"]
[White "Leichum, Engelbert"]
[Black "Kaptan, Cagatay"]
[Result "1/2-1/2"]
[WhiteElo "1688"]
[BlackElo "1500"]
[PlyCount "74"]
[EventDate "2017.??.??"]
[WhiteTeam "(vls) Frankfurt"]
[BlackTeam "(vls) Schweinfurt"]

1. e4 c5 2. d4 cxd4 3. c3 dxc3 4. Nxc3 Nc6 5. Nf3 a6 6. a3 d6 7. Bc4 e6 8. Rf1
Be7 9. g4 Qc7 10. Be3 b5 11. Bb3 Bb7 12. g5 Na5 13. Nd2 Nxb3 14. Nxb3 Qd7 15.
f4 Bf8 16. Rf2 Rc8 17. Rd2 Qc7 18. Rc1 Qb8 19. Nd4 h6 20. Qh5 g6 21. Qh3 Bxe4
22. Rcd1 Bf5 23. Nxf5 gxf5 24. Bd4 Rh7 25. Qh5 b4 26. axb4 Qxb4 27. g6 fxg6 28.
Qxg6+ Rf7 29. Qxg8 Qc4 30. Re2 Rcc7 31. Qg2 Kd7 32. Qf3 Bg7 33. Red2 Ke7 34.
Kf2 Bxd4+ 35. Rxd4 Qc5 36. Kf1 Rg7 37. Qf2 Qc6 1/2-1/2

[Event "27. Schweinfurt Open"]
[Site "Schweinfurt"]
[Date "2017.06.17"]
[Round "4.21"]
[White "Grasmik, Waldemar"]
[Black "Brätz, Yannick"]
[Result "1-0"]
[WhiteElo "1571"]
[BlackElo "1372"]
[PlyCount "93"]
[EventDate "2017.??.??"]
[WhiteTeam "(vls) Bad Kissingen"]
[BlackTeam "SK Schweinfurt"]

1. e4 d5 2. e5 Bf5 3. d4 e6 4. a3 c6 5. Bd3 Bxd3 6. Qxd3 Nd7 7. b4 b6 8. h4 c5
9. Nf3 cxb4 10. axb4 Bxb4+ 11. c3 Be7 12. Bf4 Qc8 13. Bg5 h6 14. Bxe7 Nxe7 15.
Nbd2 a6 16. Rc1 b5 17. g4 Qc6 18. h5 Nf8 19. Nh4 Kd8 20. f4 Qd7 21. Ndf3 g6 22.
O-O gxh5 23. gxh5 Rg8+ 24. Kh2 Rg4 25. Qe3 Nf5 26. Nxf5 exf5 27. Rg1 Nh7 28.
Kh3 Ng5+ 29. Nxg5 hxg5 30. fxg5 f4 31. Rxg4 fxe3 32. Re1 e2 33. Rxe2 Ke7 34.
Kh4 Rh8 35. Rf2 a5 36. h6 Rh7 37. Rgf4 a4 38. Rf6 Qa7 39. Kh5 Qa8 40. g6 fxg6+
41. Rxg6 Qe8 42. Rff6 Rf7 43. Re6+ Kd7 44. Rxe8 Kxe8 45. Rg7 Rxg7 46. hxg7 Kf7
47. Kh6 1-0

[Event "27. Schweinfurt Open"]
[Site "Schweinfurt"]
[Date "2017.06.17"]
[Round "4.22"]
[White "Memmel, Stefan"]
[Black "Schwarz, Dominik"]
[Result "0-1"]
[WhiteElo "1240"]
[BlackElo "1564"]
[PlyCount "50"]
[EventDate "2017.??.??"]
[WhiteTeam "SK Schweinfurt"]
[BlackTeam "SC Prichsenstadt"]

1. e4 c6 2. Nf3 d5 3. exd5 cxd5 4. Bb5+ Bd7 5. Bxd7+ Qxd7 6. d4 Nc6 7. O-O e6
8. Be3 Nf6 9. Ne5 Qd8 10. Nxc6 bxc6 11. Bg5 Be7 12. Nd2 Nd7 13. Bxe7 Qxe7 14.
Nf3 O-O 15. b3 c5 16. Re1 Rab8 17. Ne5 Rfe8 18. c4 dxc4 19. bxc4 Nxe5 20. dxe5
Red8 21. Qe2 Rd4 22. Red1 Qd7 23. Rxd4 cxd4 24. f4 d3 25. Qd2 Qd4+ 0-1

[Event "27. Schweinfurt Open"]
[Site "Schweinfurt"]
[Date "2017.06.17"]
[Round "4.23"]
[White "Bardorz, Jana"]
[Black "Orf, Niklas"]
[Result "1-0"]
[WhiteElo "1540"]
[BlackElo "950"]
[PlyCount "87"]
[EventDate "2017.??.??"]
[WhiteTeam "TSV Rottendorf"]
[BlackTeam "SK Bad Neustadt"]

1. e4 d6 2. d4 Nf6 3. Nc3 Nbd7 4. Nf3 e5 5. Bc4 Be7 6. O-O c6 7. Bb3 h6 8. Be3
Ng4 9. h3 Nxe3 10. fxe3 Qc7 11. Bxf7+ Kxf7 12. Nxe5+ Kg8 13. Ng6 Nf6 14. Nxh8
Kxh8 15. Qf3 Bd7 16. Rf2 b5 17. a3 a5 18. g4 Rf8 19. Qg2 Qb6 20. Raf1 b4 21.
axb4 axb4 22. Ne2 Nh7 23. Nf4 Be8 24. Ne6 Rf6 25. Rxf6 Nxf6 26. g5 Nh5 27. gxh6
gxh6 28. Rf5 Bf6 29. Rxf6 Qb7 30. Rxh6+ Qh7 31. Rxh7+ Kxh7 32. Qg5 Bg6 33. Nf8+
Kg7 34. Qxg6+ Kxf8 35. Qxh5 Ke7 36. Kf2 Ke6 37. Kf3 d5 38. exd5+ cxd5 39. Qg6+
Kd7 40. Kf4 b3 41. c3 Kc7 42. Qe6 Kb8 43. Qd7 Ka8 44. Ke5 1-0